Laboratory skills science and technology (Record no. 3215)
[ view plain ]
| 000 -LEADER | |
|---|---|
| fixed length control field | 00690 a2200205 4500 |
| 010 ## - LIBRARY OF CONGRESS CONTROL NUMBER | |
| LC control number | ENG-85620 |
| 020 ## - INTERNATIONAL STANDARD BOOK NUMBER | |
| International Standard Book Number | 8170634016 |
| Terms of availability | 80.00 |
| 035 ## - SYSTEM CONTROL NUMBER | |
| System control number | EN-69153 |
| 037 ## - SOURCE OF ACQUISITION | |
| Source of stock number/acquisition | D.B.Act / Pub |
| 082 14 - DEWEY DECIMAL CLASSIFICATION NUMBER | |
| Classification number | 500 |
| 090 ## - LOCALLY ASSIGNED LC-TYPE CALL NUMBER (OCLC); LOCAL CALL NUMBER (OCLC) | |
| -- | 3278 |
| -- | 3278 |
| 100 1# - MAIN ENTRY--PERSONAL NAME | |
| Personal name | Jacob, A. |
| 245 1# - TITLE STATEMENT | |
| Title | Laboratory skills science and technology |
| Statement of responsibility, etc | by A. Jacob and Mukesh Jain |
| Remainder of title | for class X |
| 260 ## - PUBLICATION, DISTRIBUTION, ETC. (IMPRINT) | |
| Place of publication, distribution, etc | New Delhi |
| Name of publisher, distributor, etc | Arya Book Depot |
| Date of publication, distribution, etc | 2006 (rpr) |
| 270 ## - ADDRESS | |
| Address | 30, Naiwala, Karol Bagh |
| City | New Delhi |
| State or province | Delhi |
| Postal code | 110005 |
| Telephone number | 25721221 |
| Fax number | 25746324 |
| 300 ## - PHYSICAL DESCRIPTION | |
| Extent | 131 p. |
| Other physical details | ill |
| Dimensions | 27.5 cm (Pbk) |
| 700 ## - ADDED ENTRY--PERSONAL NAME | |
| Personal name | Jain, Mukesh |
| 942 ## - ADDED ENTRY ELEMENTS (KOHA) | |
| Institution code [OBSOLETE] | dpl |
| Koha item type | English Books |
| Call number prefix | 500 / JAC |
| Withdrawn status | Lost status | Source of classification or shelving scheme | Damaged status | Not for loan | Collection code | Home library | Current library | Source of acquisition | Cost, normal purchase price | Total Checkouts | Full call number | Barcode | Date last seen | Copy number | Uniform Resource Identifier | Cost, replacement price | Price effective from | Koha item type |
|---|---|---|---|---|---|---|---|---|---|---|---|---|---|---|---|---|---|---|
| Dewey Decimal Classification | Not For Loan | Non-fiction | D.B.Act.Division | D.B.Act.Division | DBAD/PUB | 80.00 | 500 JAC | EN-69153 | 15/09/2008 | 1 | 3422 | 80.00 | 15/09/2008 | English Books |
